[Event "Nordic-ch Seniors"]
[Site "Sarpsborg"]
[Date "2019.06.23"]
[Round "4"]
[White "Saether, Lars"]
[Black "Bergquist, Rune"]
[Result "0-1"]
[WhiteElo "1730"]
[BlackElo "1609"]
[PlyCount "118"]
[EventDate "2019.06.21"]
[EventType "swiss"]
[EventRounds "9"]
[EventCountry "NOR"]
[SourceTitle "EXT 2020"]
[Source "ChessBase"]
[SourceDate "2019.10.17"]
[SourceVersion "1"]
[SourceVersionDate "2019.10.17"]
[SourceQuality "1"]

1. d4 d5 2. c4 e6 3. Nc3 Nf6 4. f3 Be7 5. e4 c6 6. cxd5 exd5 7. e5 Nfd7 8. Bd3 0-0 9. Nge2 Re8 10. 0-0 Nf8 11. f4 c5 12. Kh1 Nc6 13. Bb1 Bg4 14. Qd2 Ne6 15. dxc5 Nxc5 16. h3 Bxe2 17. Qxe2 Bf8 18. a3 d4 19. Ne4 d3 20. Qf3 Nxe4 21. Qxe4 g6 22. b4 d2 23. Qf3 dxc1Q 24. Rxc1 Qb6 25. Ba2 Nd4 26. Qd5 Ne6 27. Rf1 Rad8 28. Qb3 Rd7 29. Rae1 Red8 30. Bb1 Ng7 31. Qg3 Kh8 32. Be4 Nh5 33. Qf3 Ng7 34. g4 Be7 35. f5 Bh4 36. Rd1 Rxd1 37. Rxd1 Rxd1+ 38. Qxd1 gxf5 39. gxf5 Qe3 40. Qg4 Qe1+ 41. Kh2 Qf2+ 42. Kh1 h5 43. Qg2 b6 44. f6 Qxg2+ 45. Kxg2 Ne6 46. b5 Bg5 47. a4 Bf4 48. Bf3 Bxe5 49. h4 Bxf6 50. Kh3 Kg7 51. Bxh5 Nf4+ 52. Kg4 Nxh5 53. Kxh5 Bxh4 54. Kxh4 Kf6 55. Kg4 Ke5 56. Kf3 Kd4 57. Kf4 Kc4 58. Ke5 Kb4 59. Kd5 Kxa4 0-1

[Event "EU-ch Seniors 50 18th"]
[Site "Drammen"]
[Date "2018.08.11"]
[Round "8"]
[White "Syvertsen, Finn"]
[Black "Bergquist, Rune"]
[Result "0-1"]
[WhiteElo "1426"]
[BlackElo "1566"]
[PlyCount "65"]
[EventDate "2018.08.04"]
[EventType "swiss"]
[EventRounds "9"]
[EventCountry "NOR"]
[SourceTitle "CBM 185 Extra"]
[Source "ChessBase"]
[SourceDate "2018.07.29"]
[SourceVersion "1"]
[SourceVersionDate "2018.07.29"]
[SourceQuality "1"]

1. d4 d5 2. Bf4 Nf6 3. e3 Bf5 4. Nd2 e6 5. a3 Nbd7 6. Ngf3 Be7 7. Ne5 0-0 8. Bd3 Bxd3 9. cxd3 Nxe5 10. dxe5 c5 11. exf6 Bxf6 12. Qc2 Rc8 13. 0-0 c4 14. dxc4 dxc4 15. Ne4 Be7 16. Rfd1 Qb6 17. Rd4 Qa6 18. Rd7 Rfe8 19. Nd6 Bxd6 20. Rxd6 Qb5 21. Qc3 e5 22. Bg3 Qc5 23. Rad1 f6 24. R6d5 Qb6 25. h3 h6 26. Qa5 Qxb2 27. R5d2 Qb3 28. Qb4 Qxb4 29. axb4 c3 30. Rd7 c2 31. Rc1 Rc4 32. Rxb7 Rd8 33. Kh2 0-1

[Event "EU-ch Seniors 50 18th"]
[Site "Drammen"]
[Date "2018.08.06"]
[Round "3"]
[White "Bergquist, Rune"]
[Black "Larsen, Per Magnus"]
[Result "1-0"]
[WhiteElo "1566"]
[BlackElo "1322"]
[PlyCount "59"]
[EventDate "2018.08.04"]
[EventType "swiss"]
[EventRounds "9"]
[EventCountry "NOR"]
[SourceTitle "CBM 185 Extra"]
[Source "ChessBase"]
[SourceDate "2018.07.29"]
[SourceVersion "1"]
[SourceVersionDate "2018.07.29"]
[SourceQuality "1"]

1. d4 d5 2. c4 e6 3. Nc3 Nf6 4. cxd5 exd5 5. Bg5 Be7 6. Nf3 c6 7. e3 Bf5 8. Qb3 Qb6 9. Qxb6 axb6 10. a3 h6 11. Bxf6 Bxf6 12. Be2 Nd7 13. 0-0 0-0 14. Rac1 b5 15. Bd1 g5 16. Bc2 Bxc2 17. Rxc2 g4 18. Ne1 Rfe8 19. Nd3 Be7 20. Ne2 Kg7 21. Ng3 Kg6 22. Nf4+ Kg5 23. h3 gxh3 24. gxh3 Bd6 25. h4+ Kg4 26. f3+ Kxg3 27. Rg2+ Kxh4 28. Kf2 Bxf4 29. Rh1+ Bh2 30. Rhxh2# 1-0

[Event "EU-ch Seniors 50 18th"]
[Site "Drammen"]
[Date "2018.08.04"]
[Round "1"]
[White "Rishovd, Svein"]
[Black "Bergquist, Rune"]
[Result "1-0"]
[WhiteElo "2046"]
[BlackElo "1566"]
[PlyCount "55"]
[EventDate "2018.08.04"]
[EventType "swiss"]
[EventRounds "9"]
[EventCountry "NOR"]
[SourceTitle "CBM 185 Extra"]
[Source "ChessBase"]
[SourceDate "2018.07.29"]
[SourceVersion "1"]
[SourceVersionDate "2018.07.29"]
[SourceQuality "1"]

1. d4 d5 2. c4 e6 3. Nf3 Nf6 4. g3 c6 5. Bg2 Bd6 6. Nc3 0-0 7. 0-0 Nbd7 8. e4 dxe4 9. Ng5 Qc7 10. Ngxe4 e5 11. Nxd6 Qxd6 12. d5 Re8 13. dxc6 Qxd1 14. Rxd1 bxc6 15. Bxc6 Rb8 16. Bg5 Re6 17. Bxf6 Rxc6 18. Bxe5 Rxb2 19. Nb5 Rc2 20. Nd4 R6xc4 21. Nxc2 Rxc2 22. Rac1 Rxc1 23. Rxc1 Nb6 24. Bd4 Be6 25. Bxb6 axb6 26. Rb1 Bxa2 27. Ra1 Bd5 28. Rd1 1-0

[Event "NOR-ch Class3"]
[Site "Sarpsborg"]
[Date "2018.07.06"]
[Round "1"]
[White "Kristiansen, Lars Espen"]
[Black "Bergquist, Rune"]
[Result "0-1"]
[WhiteElo "1445"]
[BlackElo "1552"]
[PlyCount "42"]
[EventDate "2018.07.07"]
[EventType "swiss"]
[EventRounds "9"]
[EventCountry "NOR"]
[SourceTitle "EXT 2024"]
[Source "ChessBase"]
[SourceDate "2023.10.10"]
[SourceVersion "1"]
[SourceVersionDate "2023.10.10"]
[SourceQuality "1"]

1. e4 c6 2. Ne2 d5 3. e5 e6 4. d4 c5 5. c3 Nc6 6. g3 Nge7 7. Bg2 Nf5 8. 0-0 Qb6 9. Be3 cxd4 10. cxd4 Bd7 11. b3 Rc8 12. Qd3 Nb4 13. Qd2 Nc2 14. Nbc3 Nxa1 15. Rxa1 Bb4 16. Qd3 0-0 17. Bd2 Bxc3 18. Bxc3 Bb5 19. Qd2 Bxe2 20. Ba5 Qxd4 21. Qxe2 Qxa1+ 0-1

[Event "NOR-ch Class3"]
[Site "Oslo"]
[Date "2015.07.08"]
[Round "6"]
[White "Kyrkjebo, Eirik"]
[Black "Bergquist, Rune"]
[Result "1-0"]
[WhiteElo "1495"]
[BlackElo "1298"]
[PlyCount "39"]
[EventDate "2015.07.04"]
[EventType "swiss"]
[EventRounds "9"]
[EventCountry "NOR"]
[SourceTitle "EXT 2017"]
[Source "ChessBase"]
[SourceDate "2016.10.25"]
[SourceVersion "1"]
[SourceVersionDate "2016.10.25"]
[SourceQuality "1"]

1. e4 c6 2. d4 d5 3. Nd2 dxe4 4. Nxe4 Bf5 5. Ng3 Bg6 6. h4 h6 7. Nh3 e6 8. Nf4 Bh7 9. Bc4 Nf6 10. 0-0 Bd6 11. Re1 0-0 12. Nfh5 Nxh5 13. Nxh5 Qxh4 14. g3 Qe7 15. Qg4 Bg6 16. Bxh6 gxh6 17. Rxe6 Qg5 18. Rxg6+ Kh8 19. Rxg5 hxg5 20. Qxg5 1-0